000
00310nam a22001457a 4500
008
230418b ||||| |||| 00| 0 eng d
020
_a
2900205019129
041
_a
eng
080
_a
37
082
_a
37KRU
100
_a
24
101
_a
EDU
245
_a
ARGUMENT AS DIALOGUE
_c
KRUEGER.K
942
_2
udc
_c
BK
999
_c
59580
_d
59580